| 000 | 00737nam a2200193 a 4500 | ||
|---|---|---|---|
| 008 | 120416s1971 ||||||||||||||||| || u | ||
| 020 | _a0854040145 | ||
| 050 | _aQD 51 Haz | ||
| 100 | _aMuir, G. D | ||
| 245 | 1 | 0 |
_aHazards in chemical laboratory _cedited by G. D. Muir |
| 260 |
_aLondon _bThe Royal Institute of Chemistry _c1971 |
||
| 300 | _axi, 266p. : ill. | ||
| 350 | _a0.00 | ||
| 500 | _aBibliography. | ||
| 650 | _aCHEMICALS--SAFETY MEASURES | ||
| 650 | 0 | _aCHEMISTRY--HANDBOOKS, MANUALS, ETC | |
| 650 | _aCHEMICAL LABORATORIES--SAFETY MEASURES | ||
| 995 |
_D0.00 _FCBU-MAIN LIBRARY (Kitwe) _H1 _I2.00 _M1 _UWEEDED _VJul 25, 2017 _WApr 23, 2007 _ZMain Library Open Access Collection |
||
| 999 |
_c45399 _d45399 |
||